000 00278nam a22001337a 4500
008 230529b ||||| |||| 00| 0 eng d
041 _aFRA
080 _2VOLUME 168
_a82
082 _a82BOV
100 _a38
101 _aGJL
245 _aCINEMA
_cBOVAY M.G
942 _2udc
_cBK
999 _c59871
_d59871